Famous Georges' by Picture - Statistics

General Stats
  • This quiz has been taken 102 times
  • The average score is 5 of 6
Answer Stats
Picture Answer % Correct
George H.W. Bush
95%
George Washington
94%
George W. Bush
94%
George Clooney
89%
George Lucas
78%
George Lopez
49%
No matching quizzes found
Score Distribution
Percent of People with Each Score
Percentile by Number Answered
Your Score History
You have not taken this quiz